FC Bayern München Kader Saison 2019/2020 - Statistiken

Allgemein
  • Dieses Quiz wurde 149 mal gespielt
  • Das Durchschnittsergebnis liegt bei 22 aus 38
Antwortstatistiken
Nummer Nation Spieler % Korrekt
1 Deutschland Manuel Neuer
100%
27 Österreich David Alaba
95%
19 Kanada Alphonso Davies
92%
9 Polen Robert Lewandowski
92%
32 Deutschland Joshua Kimmich
91%
26 Deutschland Sven Ulreich
91%
17 Deutschland Jérome Boateng
89%
29 Frankreich Kingsley Coman
88%
25 Deutschland Thomas Müller
86%
6 Spanien Thiago
85%
8 Spanien Javi Martinez
82%
18 Deutschland Leon Goretzka
80%
4 Deutschland Niklas Süle
79%
22 Deutschland Serge Gnabry
79%
14 Kroatien Ivan Perisic
77%
5 Frankreich Benjamin Pavard
76%
21 Frankreich Lucas Hernández
73%
10 Brasilien Philippe Coutinho
73%
42 Deutschland Jamal Musiala
72%
24 Frankreich Corentin Tolisso
65%
35 Portugal Renato Sanches
57%
35 Niederlande Joshua Zirkzee
51%
36 Deutschland Christian Früchtl
50%
2 Spanien Alvaro Odriozola
42%
39 Deutschland Ron-Thorben Hoffmann
41%
40 USA Malik Tillman
38%
28 Neuseeland Sarpreet Singh
36%
11 Frankreich Michael Cuisance
30%
38 Ghana Kwasi Okyere Wriedt
27%
15 Deutschland Jann-Fiete Arp
25%
30 Südkorea Yeong Woo Jeong
25%
33 Deutschland Lars Lukas Mai
19%
43 Deutschland Bright Arrey-Mbi
14%
34 Deutschland Oliver Batista Meier
14%
16 Deutschland Leon Dajaku
10%
37 Deutschland Paul Will
6%
41 USA Chris Ricards
5%
30 Irland Ryan Johansson
2%
Keine übereinstimmenden Quizze gefunden
Verteilung der Resultate
Anzahl Personen mit jedem Resultat
Perzentil nach korrekt beantworteten Fragen
Ihre Resultats-Entwicklung
Sie haben dieses Quiz noch nicht gespielt